| 000 | 00707cam a22002413a 4500 | ||
|---|---|---|---|
| 001 | 6107 | ||
| 003 | PGUSA | ||
| 005 | 20140828083128.0 | ||
| 008 | 040701s2004||||xxu|||||s|||||000 | eng d | ||
| 040 |
_aPGUSA _beng |
||
| 042 | _adc | ||
| 050 | 4 | _aBL | |
| 100 | 1 |
_aMangasarian, M. M. _q(Mangasar Mugurditch), _d1859-1943 |
|
| 245 | 1 | 4 |
_aThe Truth about Jesus : _bIs He a Myth? _h[electronic resource] / _cM. M. Mangasarian |
| 260 |
_bProject Gutenberg, _c2004 |
||
| 506 | _aPublic domain in the USA. | ||
| 516 | _aElectronic text | ||
| 653 | _aRationalism | ||
| 653 | _aJesus Christ -- Historicity | ||
| 830 | 0 |
_aProject Gutenberg _v6107 |
|
| 856 | 4 | 0 | _uhttp://www.gutenberg.org/ebooks/6107 |
| 942 | _cEB | ||
| 999 |
_c235435 _d235435 |
||